|
|
|
|
| LEADER |
01781nam a22004575i 4500 |
| 001 |
978-1-137-51566-7 |
| 003 |
DE-He213 |
| 005 |
20160927112009.0 |
| 007 |
cr nn 008mamaa |
| 008 |
160126s2016 xxk| s |||| 0|eng d |
| 020 |
|
|
|a 9781137515667
|9 978-1-137-51566-7
|
| 024 |
7 |
|
|a 10.1057/9781137515667
|2 doi
|
| 040 |
|
|
|d GrThAP
|
| 100 |
1 |
|
|a Lone, Fayaz Ahmad.
|e author.
|
| 245 |
1 |
0 |
|a Islamic Banks and Financial Institutions
|h [electronic resource] :
|b A Study of their Objectives and Achievements /
|c by Fayaz Ahmad Lone.
|
| 264 |
|
1 |
|a London :
|b Palgrave Macmillan UK :
|b Imprint: Palgrave Macmillan,
|c 2016.
|
| 300 |
|
|
|a XVIII, 201 p.
|b online resource.
|
| 336 |
|
|
|a text
|b txt
|2 rdacontent
|
| 337 |
|
|
|a computer
|b c
|2 rdamedia
|
| 338 |
|
|
|a online resource
|b cr
|2 rdacarrier
|
| 347 |
|
|
|a text file
|b PDF
|2 rda
|
| 490 |
1 |
|
|a Palgrave Macmillan Studies in Banking and Financial Institutions
|
| 520 |
|
|
|a This book is a study of the objectives of Islamic Finance in the modern banking space and offers insight into the effects of changes and developments occurring in Islamic banking products and services.
|
| 650 |
|
0 |
|a Finance.
|
| 650 |
|
0 |
|a Islam.
|
| 650 |
|
0 |
|a Business ethics.
|
| 650 |
|
0 |
|a Banks and banking.
|
| 650 |
|
0 |
|a Economics.
|
| 650 |
|
0 |
|a Management science.
|
| 650 |
1 |
4 |
|a Finance.
|
| 650 |
2 |
4 |
|a Banking.
|
| 650 |
2 |
4 |
|a Islam.
|
| 650 |
2 |
4 |
|a Business Ethics.
|
| 650 |
2 |
4 |
|a Economics, general.
|
| 710 |
2 |
|
|a SpringerLink (Online service)
|
| 773 |
0 |
|
|t Springer eBooks
|
| 776 |
0 |
8 |
|i Printed edition:
|z 9781349564149
|
| 830 |
|
0 |
|a Palgrave Macmillan Studies in Banking and Financial Institutions
|
| 856 |
4 |
0 |
|u http://dx.doi.org/10.1057/9781137515667
|z Full Text via HEAL-Link
|
| 912 |
|
|
|a ZDB-2-ECF
|
| 950 |
|
|
|a Economics and Finance (Springer-41170)
|